| 000 | 01029cam a2200241 4500 | ||
|---|---|---|---|
| 008 | 090401t1997 xxu||||| |||| 00| 0 eng d | ||
| 020 | _a1901122530 | ||
| 035 | _a(Sirsi) u84270 | ||
| 041 | _aeng | ||
| 050 | _a333.00711 | ||
| 110 |
_aRoyal Institution of Chartered Surveyors _94900 |
||
| 245 | 4 | _aThe definitive guide to surveying education ... higher education courses in land, property and construction. | |
| 260 |
_aWallingford, Oxon. _bGTI Specialist Publishers Ltd. _c1997 |
||
| 300 | _a64p. : ill. ; 21cm. | ||
| 350 | _a0 | ||
| 520 | _aSUPERSEDED: Replaced by 2nd edition entitled `The Official Guide to Surveying Education` (RICS 1998/32). Features a list of over 180 RICS accredited courses worldwide. Information on undergraduate and postgraduate courses of interest to students and professionals. | ||
| 650 | _aHIGHER EDUCATION | ||
| 650 | _aRICS ACCREDITED COURSES | ||
| 650 | _aSURVEYING COURSES | ||
| 690 | _aMANAGEMENT-BUSINESS MANAGEMENT-PROFESSIONAL PRACTICE | ||
| 942 | _n0 | ||
| 948 | _c16/02/1998 | ||
| 999 |
_c96927 _d96927 |
||